000 00308nam a22000977a 4500
008 150618b xxu||||| |||| 00| 0 eng d
010 _8HCCRSF: 004
245 _aHIGH COURT CRIMINAL SESSION No.233 of 1969 Uganda Vs George William Simiyu
260 _aHigh Court Kampala
500 _3Before Hon.Mr. Justice Saldanha
999 _c6430
_d6430